000 00470nam a2200145 a 4500
001 000039441
005 20201002031643.0
008 130628s1996 dr a 000 0 spa d
040 _aDO-SdBNP
_bspa
_cBNPHU
100 1 _aValentí Batlle, María Teresa
_965649
245 1 3 _aLa "nueva era" :
_bdialoguemos /
_cMaría Teresa Valentí Batlle.
260 _aSanto Domingo :
_bBúho,
_c1996.
300 _a67 p. :
_bils. ;
_c22 cm.
500 _aIncluye notas al pie de las páginas
999 _c38931
_d38931